Statistiques concernant Alban

Cliquez ici pour prendre le quiz!

Statistiques générales

  • Ce quiz a été pris 15 fois
  • Le résultat moyen est 6 sur 13

Statistiques - réponses

HintRéponse% Correct
xavier dupont deLigonnes
100%
maladiealcoolisme
80%
état secondairediablan
80%
femmehélene
80%
domicile du monstremée
40%
elle l'a pondu par le culNadia
40%
il en a rempli une de pissepinte
40%
il ne les aime pasétranger
20%
marius etgabi
20%
a eu des relations avec cet hommenuno
20%
son père l'asida
20%
surnom à l'écolesumo
20%
il en a utilisé 3 en une matinéetee shirt
0%

Distribution des résultats

Percentile par nombre de réponses

% des personnes avec chaque résultat

Votre développement - résultats

Vous n’avez pas pris ce quiz